000 01343nam a2200313 i 4500
001 768714001
003 CO-MdFUSB
005 20240626125826.0
007 ta
008 220727t2005 ck |||| |||| 00| 0 eng d
020 _a9588201845
040 _aCO-MdFUSB
_bspa
_cCO-MdFUSB
_dCO-MdFUSBC
_erda
041 _aeng
082 _223
_a330.156
_bB415
100 _aBefus, David R.,
_eautor
245 _aWhere there are no jobs
_c/ David R. Befus
264 1 _aEstados Unidos :
_bLAM,
_c[2005]
264 4 _c© 2005
300 _a219 páginas
_c; 21 cm
336 _2rdacontent
_atexto
_btxt
337 _2rdamedia
_asin mediación
_bn
338 _2rdacarrier
_avolumen
_bnc
505 _aUna respuesta popular al colapso de los "bienes públicos" en los países en desarrollo. -- cuatro paradigmas o modelos básicos para programas sociales financieramente sostenibles. -- Diseño institucional para proyectos sostenibles. -- Primeros pasos en la organización de un proyecto. -- Principios comunes para el éxito de la empresa comercial. -- Empresa de servicios: cobertura de costos a través de tarifas por servicio. -- Negocios separados para el sostenimiento de los servicios sociales: Dotación.
563 _aRústico
650 0 _95
_aSociología de la cultura
942 _cBK
945 _aJTF-925
999 _c68028
_d68028